| 000 | 00753nam a2200289Ia 4500 | ||
|---|---|---|---|
| 005 | 20250425162733.0 | ||
| 008 | 250425s9999 xx 000 0 und d | ||
| 020 | _a978842342180 | ||
| 041 | _aspa | ||
| 043 | _asp | ||
| 082 | _a338.9 | ||
| 100 | _aSACHS, JEFFREY D. | ||
| 245 | 0 | _aLA ERA DEL DESARROLLO SOSTENIBLE | |
| 250 | _a1 ED. | ||
| 260 | _aBARCELONA | ||
| 260 |
_aEspaña _bDEUSTO _c2014 |
||
| 300 | _a606 | ||
| 500 | _aILUSTRADO, GRAFICOS | ||
| 500 | _aTítulo Traducido: THE AGE OF SUSTAINABLE DEVELOPMENT | ||
| 650 | _aCRECIMIENTO ECONOMICO | ||
| 650 | _aINCLUSION SOCIAL | ||
| 650 | _aINTRODUCCION AL DESARROLLO SOSTENIBLE | ||
| 700 |
_aRAMON VILÀ _etraductor |
||
| 710 | _aDEUSTO | ||
| 942 | _c01 | ||
| 010 | _a104257 | ||
| 999 |
_c235391 _d235391 |
||